Brunner and Suddarth's Textbook of Adult Health Nursing Vol 2 (Record no. 369262)
[ view plain ]
| 000 -LEADER | |
|---|---|
| fixed length control field | 00801nam a2200229 4500 |
| 005 - DATE AND TIME OF LATEST TRANSACTION | |
| control field | 20260404113138.0 |
| 008 - FIXED-LENGTH DATA ELEMENTS--GENERAL INFORMATION | |
| fixed length control field | 251203b |||||||| |||| 00| 0 eng d |
| 020 ## - INTERNATIONAL STANDARD BOOK NUMBER | |
| International Standard Book Number | 978-8-93-48816-97-9 |
| 041 ## - LANGUAGE CODE | |
| Language code of text/sound track or separate title | Eng |
| 082 ## - DEWEY DECIMAL CLASSIFICATION NUMBER | |
| Edition number | 3rd. ed.(SAE) |
| Classification number | MS 610.7361 SHA B11928 |
| 100 ## - MAIN ENTRY--PERSONAL NAME | |
| Author | Sharma Suresh & Madhavi S |
| 245 ## - TITLE STATEMENT | |
| Title | Brunner and Suddarth's Textbook of Adult Health Nursing Vol 2 |
| 250 ## - EDITION STATEMENT | |
| Edition statement | 3rd ed.(SAE) |
| 260 ## - PUBLICATION, DISTRIBUTION, ETC. | |
| Place of publication, distribution, etc. | Haryana |
| Name of publisher, distributor, etc. | Wolters Kluwer |
| Date of publication, distribution, etc. | 2025 |
| 300 ## - PHYSICAL DESCRIPTION | |
| Extent | xxvi,1187p-1983p. |
| Other physical details | pb |
| Dimensions | 27.5x21.5cm |
| 365 ## - TRADE PRICE | |
| Price type code | Rupaye |
| Price amount | 1705 |
| Currency code | INR |
| 500 ## - GENERAL NOTE | |
| Keywords | Medical Surgical Nursing<br/> |
| 521 ## - TARGET AUDIENCE NOTE | |
| Target audience note | Brunner and Suddarth's Textbook of Adult health Nursing Vol 2<br/>Appendix-15p,B-10p I-37p |
| 650 ## - SUBJECT ADDED ENTRY--TOPICAL TERM | |
| Topical term or geographic name entry element | Medical Surgical Nursing |
| 651 ## - SUBJECT ADDED ENTRY--GEOGRAPHIC NAME | |
| Geographic name | Medical Surgical Nursing |
| 942 ## - ADDED ENTRY ELEMENTS (KOHA) | |
| Koha item type | Books |
| Withdrawn status | Lost status | Source of classification or shelving scheme | Damaged status | Not for loan | Collection code | Home library | Current library | Date acquired | Vendor | Net Price | Bill number | Total Checkouts | Full call number | Barcode | Date last seen | Discount | Actual Price | Bill Date | Koha item type | Original Barcode |
|---|---|---|---|---|---|---|---|---|---|---|---|---|---|---|---|---|---|---|---|---|
| Dewey Decimal Classification | Reference | Smt. Bakul Tambat Institute of Nursing Education | Smt. Bakul Tambat Institute of Nursing Education | 18/11/2025 | Patil Medical Book | 1057.10 | 2026 | MS 610.7361 SHA B11928 | BTIN-BK-11928 | 03/12/2025 | 38% | 1705.00 | 29/10/2025 | Books | BTIN-BK-11928 | |||||
| Dewey Decimal Classification | Non-fiction | Smt. Bakul Tambat Institute of Nursing Education | Smt. Bakul Tambat Institute of Nursing Education | 18/11/2025 | Patil Medical Book | 1057.10 | 2026 | MS 610.7361 SHA B11929 | BTIN-BK-11929 | 03/12/2025 | 38% | 1705.00 | 29/10/2025 | Books | BTIN-BK-11929 |